000 00453nam a2200169 i 4500
001 bg
100 1 _aBiałecki, Klemens Paweł
_d(1929- ).
245 0 _aMarketing w gospodarce socjalistycznej /
_cKlemens Białecki, Jerzy Borowski.
250 _aWyd.2 popr.
260 _aWarszawa,
_c1978.
700 1 _aBOROWSKI, Jerzy
040 _cBPK
041 _apol
080 _a339:380/382:330
942 _cKS
008 s pl f |000 0 pol
999 _c34863
_d34863
856 _uhttp://koha.tu.koszalin.pl/cgi-bin/koha/opac-detail.pl?biblionumber=34863
_yKatalog online BPK